Które państwo w Europie... - Statystyki

Ogólne statystyki
  • Ten quiz został rozwiązany 497 razy
    379 od ostatniego zresetowania
  • Średni wynik to 15 z 31
Statystyki odpowiedzi
Opis Państwo % Poprawnych
Które państwo w Europie ma największą populację? (nie wliczając Turcji i Rosji) Niemcy
92%
Które państwo w Europie jest najmłodsze? Kosowo
87%
Który kraj Europy jest największy? Rosja
87%
Który kraj w Europie był największym imperium kolonialnym? Wielka Brytania
86%
Który kraj kojarzy się z tulipanami, wiatrakami i rowerami? Holandia
77%
Który kraj Europy stworzył klocki Lego Dania
73%
Który kraj Europy jest najmniejszy? Watykan
70%
Który kraj w Europie słynie z bursztynu? Polska
67%
Który kraj Europy ma wygranych 1115 bitw? Francja
65%
Który kraj Europy określany jest "zieloną wyspą"? Irlandia
63%
Który kraj Europy pozwolił tworzyć Mozartowi? Austria
61%
Który kraj Europy zmienił stronę w obydwóch wojnach światowych Włochy
60%
Który kraj ma największą skocznie narciarską? Norwegia
55%
Który kraj ma najbardziej zaludnione miasto na dwóch kontynentach? Turcja
53%
Który kraj jest nazywany "krainą tysiąca jezior"? Finlandia
50%
Który kraj jest uznawany za kolebkę demokracji Grecja
47%
Który kraj Europy ma na swoim terytorium Gerlach? Słowacja
47%
Które państwo w Europie ma najmniejszy stopień zalesienia? Islandia
39%
Który kraj Europy i znajdujący się w Unii Europejskiej jest najmniejszy? Malta
38%
Który kraj ma stolicę powstałą z połączenia dwóch miast? Węgry
38%
Który kraj w Europie jest najbogatszym krajem na świecie pod względem PKB na mieszkańca? Monako
35%
Który kraj Europy ma niezmienne granice od 1139 roku Portugalia
33%
Który kraj europejski ma flagę podobną do unijnej? Bośnia i Hercegowina
30%
Który kraj Europy ma najwięcej schronów? Szwajcaria
28%
Który kraj Europy ma najwięcej bunkrów? Albania
17%
Który kraj w przetłumaczeniu na język tego kraju to „ziemia bogata w króliki” Hiszpania
13%
Który kraj Europy ma najszybciej zmniejszającą się liczbę ludności? Łotwa
13%
Który kraj nie zmienił swojej nazwy od 681 roku Bułgaria
10%
Który kraj Europy wysyłając żołnierzy o liczbie 80, spowodował powrót 81 żołnierzy w roku 1866 roku? Liechtenstein
10%
Który kraj Europy na cmentarzu ma kolorowe nagrobki? Rumunia
9%
Który kraj jako pierwszy w Europie zwalczył niewolnictwo? Chorwacja
3%
Nie znaleziono quizów pasujących do podanych kryteriów
Rozkład punktacji
Procent ludzi z każdym wynikiem
Percentyl według liczby udzielonych odpowiedzi
Twoja historia wyników
Nie rozwiązałeś tego quizu od ostatniego zresetowania